[Event "CHN-chW 2019"]
[Site "Xinghua"]
[Date "2019.05.15"]
[Round "5.11"]
[White "Zhai, Mo"]
[Black "Qiu, Mengjie"]
[Result "1-0"]
[WhiteElo "2365"]
[BlackElo "2219"]
[Annotator "TA"]
[PlyCount "37"]
[EventDate "2019.05.11"]
[EventType "tourn"]
[EventCountry "CHN"]
[SourceTitle "playchess.com"]
[Source "ChessBase"]
[SourceQuality "1"]

{[%evp 11,37,18,20,3,20,14,28,18,0,3,26,14,36,11,40,22,33,42,63,0,0,0,0,0,0,0,29997,29998]} 1. c4 e6 2. d4 Nf6 3. Nf3 d5 4. Nc3 Bb4 5. Qa4+ Nc6 6. e3 O-O 7. Qc2 {D38: Queen's Gambit Declined: Ragozin Defence (4 Nf3 Bb4)} dxc4 (7... Re8 8. Bd2 a6 9. a3 Bd6 10. Rd1 Bd7 11. Bc1 dxc4 12. Bxc4 h6 13. O-O e5 14. dxe5 Nxe5 15. Nxe5 Bxe5 {½-½ (27) Wojtaszek,R (2722)-Vidit,S (2711) Prague 2019}) 8. Bxc4 Bd6 9. O-O {White has an edge.} e5 10. h3 h6 11. a3 a6 12. Rd1 {dxe5 is the strong threat.} exd4 13. exd4 b5 14. Ba2 Bb7 $146 ({Predecessor:} 14... Ne7 15. Ne5 Be6 16. Bxe6 fxe6 {½-½ (27) Nedobora,M (2480)-Lalic,S (2355) Zaragoza 1995}) 15. Bxh6 (15. Re1 $14) 15... gxh6 $11 16. Qg6+ $1 {[%mdl 64] [#] Double Attack} Kh8 17. Qxh6+ Nh7 $1 18. Ne4 $1 {White wants to mate with Nfg5!} Be7 $2 {[%mdl 8192] [#]} (18... Rg8 $11) 19. Nf6 $1 {[%mdl 512] Accuracy: White = 68%, Black = 46%.} 1-0

[Event "CHN-chW 2019"]
[Site "Xinghua"]
[Date "2019.05.15"]
[Round "5.12"]
[White "Chu, Ruotong"]
[Black "Ni, Shiqun"]
[Result "1/2-1/2"]
[WhiteElo "2180"]
[BlackElo "2439"]
[Annotator "TA"]
[PlyCount "61"]
[EventDate "2019.05.11"]
[EventType "tourn"]
[EventCountry "CHN"]
[SourceTitle "playchess.com"]
[Source "ChessBase"]
[SourceQuality "1"]

{[%evp 12,61,20,12,25,20,16,0,3,0,3,6,5,0,4,4,6,0,8,6,7,0,0,0,10,11,8,0,0,0,0,0,0,0,0,0,0,0,0,-4,0,0,0,0,0,0,0,0,0,0,0,0]} 1. d4 d5 2. c4 c6 3. cxd5 cxd5 4. Bf4 Nc6 5. e3 Nf6 6. Nc3 a6 7. Rc1 Bg4 {D10: Slav Defence: 3 cxd5 (without early Nf3) and 3 Nc3} (7... e6 8. Bd3 Be7 9. Nf3 O-O 10. h3 Bd6 11. O-O Bxf4 12. exf4 Qd6 13. Ne5 Bd7 14. Nxc6 Bxc6 15. Qd2 Ne4 16. Qe3 Qb4 17. Nxe4 dxe4 18. Bxe4 Bxe4 19. Qxe4 Qxb2 {0-1 (55) Lysyj,I (2642)-Malakhov,V (2660) Sochi 2019}) 8. Be2 Bxe2 {The position is equal.} 9. Qxe2 e6 10. Nf3 Bd6 11. Bxd6 $146 ({Predecessor:} 11. Bg5 O-O 12. O-O Be7 13. Ne1 Nd7 14. Bxe7 Qxe7 15. Nd3 Rac8 16. Na4 Nb4 17. Qd2 Nxd3 18. Qxd3 b5 19. Nc5 Nxc5 20. Qa3 b4 {0-1 (20) Bakic,R (2440)-Stojanovic,M (2355) Tivat 1995}) 11... Qxd6 12. O-O O-O 13. Na4 Rfc8 14. a3 Rc7 15. Rc2 Rac8 16. Rfc1 Nd7 17. Qd2 Na7 (17... Ne7 {is interesting.} 18. g3 Rc4 19. Rxc4 Rxc4 20. Qd1 b5) 18. Rxc7 Rxc7 19. Rxc7 Qxc7 20. Qc3 Qxc3 21. Nxc3 $11 {[%mdl 4096] Endgame KNN-KNN} f6 22. Kf1 Kf7 23. Ke2 Ke7 24. Kd3 Kd6 25. e4 Nc6 26. exd5 exd5 27. Nd2 Nf8 28. g3 Ne6 29. Ne2 Ne7 30. Nf1 Nf5 31. Ne3 {Accuracy: White = 79%, Black = 78%.} 1/2-1/2

[Event "CHN-chW 2019"]
[Site "Xinghua"]
[Date "2019.05.16"]
[Round "6.7"]
[White "Guo, Qi"]
[Black "Ni, Shiqun"]
[Result "1-0"]
[WhiteElo "2361"]
[BlackElo "2439"]
[Annotator "TA"]
[PlyCount "117"]
[EventDate "2019.05.11"]
[EventType "tourn"]
[EventCountry "CHN"]
[SourceTitle "playchess.com"]
[Source "ChessBase"]
[SourceQuality "1"]

{[%evp 16,117,28,24,29,17,22,15,22,14,18,6,30,31,24,29,20,23,21,28,31,23,23,23,23,25,27,25,37,20,16,18,13,22,33,36,74,29,27,29,35,20,71,70,86,86,83,65,68,0,77,77,82,82,80,75,81,52,72,75,78,67,106,104,223,235,314,279,347,331,330,235,431,385,959,959,833,862,855,846,724,712,720,679,1501,1387,29970,29971,29971,29972,29971,29973,29972,29973,29973,29973,29973,29974,29974,29974,29975,29975,29971,29967]} 1. d4 d5 2. c4 c6 3. Nf3 Nf6 4. Nc3 dxc4 5. a4 e6 6. e3 c5 7. Bxc4 Nc6 8. O-O cxd4 9. exd4 Be7 {D16: Slav Defence: 5 a4: Lines with 5...Bg4 and 5...Na6} 10. d5 exd5 11. Nxd5 Nxd5 {The position is equal.} 12. Bxd5 O-O 13. Qb3 $146 ({Predecessor:} 13. Be3 Bf6 {0-1 (50) Kantor,G (2448)-Topalov,V (2739) Caleta 2017}) 13... Bf6 14. Be3 Qe7 15. Rad1 Be6 16. Bxe6 Qxe6 17. Qxb7 Rfb8 18. Qc7 Rc8 19. Qd7 Qxd7 20. Rxd7 Bxb2 21. Rb1 Bf6 22. g4 h6 23. h3 a5 24. Rb5 Rd8 25. Rxd8+ Bxd8 26. Nd2 Be7 27. Nc4 Bb4 28. Kg2 Kf8 (28... Rd8 $11 {keeps the balance.}) 29. Nb6 $16 Ra6 30. Nd5 {Hoping for Nc7.} Bd6 31. Rb7 Nd8 32. Rb5 (32. Rb2 {keeps more tension.} Nc6 33. Bd2 Kg8 34. Rb5 Bf8 35. Kg3) 32... Nc6 $1 33. f4 Nb4 34. Kf3 Nxd5 35. Rxd5 {[%mdl 4096] Endgame KRB-KRB} Ke7 36. f5 Bb4 37. Bd4 f6 38. Bc5+ Ke8 39. Ke4 Rc6 {[#]} (39... Ra8 $16) 40. Kd4 $1 $18 Be1 {[#]} 41. Kc4 $1 Rc8 42. Kb5 Rb8+ 43. Bb6 Ke7 $2 (43... h5 44. gxh5 Bf2) 44. Ka6 Rc8 $2 (44... h5 45. gxh5 (45. Bxa5 Bxa5 46. Kxa5 h4 $18) 45... Bc3) 45. Bc5+ Kf7 46. Kb7 Re8 47. Rd7+ Kg8 48. Re7 Rxe7+ 49. Bxe7 {KB-KB} h5 {intending ...hxg4.} 50. Ka6 hxg4 51. hxg4 {White mates.} Kh7 52. Bd8 Bd2 53. Bxa5 Bf4 54. Kb7 Kh6 55. Bb4 Kg5 56. a5 {[%cal Ba4a5,Ba5a6][%mdl 32]} Be3 57. a6 Kxg4 58. Ba5 Kxf5 59. Bb6 {Accuracy: White = 80%, Black = 51%.} 1-0

[Event "CHN-chW 2019"]
[Site "Xinghua"]
[Date "2019.05.16"]
[Round "6.8"]
[White "Qiu, Mengjie"]
[Black "Chu, Ruotong"]
[Result "1-0"]
[WhiteElo "2219"]
[BlackElo "2180"]
[Annotator "TA"]
[PlyCount "73"]
[EventDate "2019.05.11"]
[EventType "tourn"]
[EventCountry "CHN"]
[SourceTitle "playchess.com"]
[Source "ChessBase"]
[SourceQuality "1"]

{[%evp 9,73,27,22,20,33,31,30,24,20,25,36,0,0,0,2,0,0,0,19,18,18,11,51,62,111,112,120,117,88,97,147,129,132,139,142,117,158,181,224,214,249,239,250,231,225,233,237,222,253,250,281,281,271,267,243,239,400,408,950,955,886,885,862,828,686,496]} 1. e4 c5 2. Nf3 a6 3. d4 cxd4 4. Nxd4 e5 5. Nb3 Nf6 6. Bg5 {B28: Sicilian: 2 Nf3 a6 (O'Kelly Variation)} Be7 (6... Bb4+ 7. c3 Be7 8. Qd3 O-O 9. N1d2 Nc6 10. Nc4 Nxe4 11. Bxe7 Nxe7 12. Nxe5 d5 13. Be2 Qd6 {0-1 (27) Stany,G (2399)-Bogner,S (2602) Leiden 2014}) 7. Nc3 O-O 8. Qd2 {White has an edge.} h6 $146 ({Predecessor:} 8... b5 9. Bxf6 Bxf6 10. h4 Bxh4 11. Qd5 Nc6 12. Qd1 Bg5 13. Qh5 Bh6 {0-1 (62) Albuquerque,R (1948)-Silveira Filho,N (2242) Natal 2012}) 9. Bxf6 Bxf6 10. Bc4 b5 11. Bd5 Nc6 12. a4 b4 13. Nd1 {[%cal Bc3d1,Bd1e3,Be3f5][%mdl 32]} Bg5 14. Qe2 a5 15. Qh5 Ra6 16. h4 $1 {[%cal Rh4g5]} Be7 17. Ne3 Nd4 18. Nxd4 exd4 19. Nf5 Bc5 20. Rh3 {Rg3! is the strong threat.} Kh7 {[#]} 21. O-O-O $1 d6 22. Bxf7 {White wants to mate with Qg6+.} d5 {And now ...Rf6 would win.} 23. Rg3 ({But not} 23. exd5 $2 Qf6 $19) 23... Bxf5 24. exf5 (24. Qxf5+ Kh8) 24... Kh8 25. Be6 $40 {[%mdl 128] White is out for blood.} Rf6 26. Rg6 (26. Qg4 $6 Ra7) 26... Rxg6 27. Qxg6 Ra8 28. Qg4 b3 29. cxb3 Rb8 30. Rd3 Be7 31. Qxd4 ({Don't play} 31. Rxd4 $6 Rxb3 32. Bxd5 Rb8 $16) 31... Bxh4 32. Qxd5 Qg5+ $2 (32... Qb6 33. Qe5 Re8) 33. Kb1 $18 {aiming for g3.} Rd8 (33... Qh5 $142 34. g3 Bf6 35. Qxa5 Qh1+ 36. Ka2 Qc1) 34. Qxd8+ {White is clearly winning.} Qxd8 35. Rxd8+ Bxd8 {[#]} 36. b4 $1 axb4 37. Kc2 {Accuracy: White = 85%, Black = 47%.} 1-0

[Event "CHN-chW 2019"]
[Site "Xinghua"]
[Date "2019.05.16"]
[Round "6.9"]
[White "Ning, Kaiyu"]
[Black "Zhai, Mo"]
[Result "1/2-1/2"]
[WhiteElo "2256"]
[BlackElo "2365"]
[Annotator "NA RC"]
[PlyCount "90"]
[EventDate "2019.05.11"]
[EventType "tourn"]
[EventCountry "CHN"]
[SourceTitle "playchess.com"]
[Source "ChessBase"]
[SourceQuality "1"]
[TimeControl "5400+30"]

1. d4 {[%emt 0:00:00]} Nf6 {[%emt 0:00:00]} 2. c4 {[%emt 0:00:00]} e6 {[%emt 0:00:00]} 3. g3 {[%emt 0:00:00]} d5 {[%emt 0:00:18]} 4. Bg2 {[%emt 0:00:00]} Be7 {[%emt 0:00:09]} 5. Nf3 {[%emt 0:00:07]} O-O {[%emt 0:00:09]} 6. O-O {[%emt 0:00:07]} dxc4 {[%emt 0:00:58]} 7. Ne5 {[%emt 0:00:09]} Nc6 {[%emt 0:02:42]} 8. Bxc6 {[%emt 0:00:19]} bxc6 {[%emt 0:00:02]} 9. Nxc6 {[%emt 0:00:05]} Qe8 {[%emt 0:00:16]} 10. Nxe7+ {[%emt 0:00:06]} Qxe7 {[%emt 0:00:02]} 11. Qa4 {[%emt 0:00:09]} c5 {[%emt 0:02:07]} 12. Qa3 {[%emt 0:01:23]} Bb7 {[%emt 0:02:47]} 13. Nc3 $14 {[%emt 0:13:26]} Qc7 {[%emt 0:15:57]} 14. dxc5 {[%emt 0:13:40]} Rfc8 {[%emt 0:01:56]} 15. Rd1 {[%emt 0:04:11]} h6 {[%emt 0:05:03]} 16. f3 {[%emt 0:06:47]} Qxc5+ {[%emt 0:01:45]} 17. Qxc5 {[%emt 0:00:04]} Rxc5 {[%emt 0:00:05]} 18. Be3 {[%emt 0:00:15]} Rcc8 {[%emt 0:04:02]} 19. Rd2 {[%emt 0:04:04]} Nd5 {[%emt 0:04:09]} 20. Nxd5 {[%emt 0:00:47]} Bxd5 {[%emt 0:00:11]} 21. Bd4 {[%emt 0:00:07]} Bc6 {[%emt 0:03:24]} 22. Rc1 {[%emt 0:13:21]} Bb5 {[%emt 0:02:39]} 23. Bc3 {[%emt 0:00:21]} Ba4 {[%emt 0:02:57]} 24. Rd4 {[%emt 0:00:21]} Rab8 {[%emt 0:02:23]} 25. Kf2 {[%emt 0:02:48]} f6 {[%emt 0:02:21]} 26. Rd6 {[%emt 0:07:51]} Rb6 {[%emt 0:00:56]} 27. Rxb6 {[%emt 0:00:02]} axb6 {[%emt 0:00:07]} 28. Bb4 {[%emt 0:01:31]} Kf7 {[%emt 0:02:06]} 29. Rc3 {[%emt 0:01:16]} h5 {[%emt 0:02:49]} 30. f4 {[%emt 0:03:36]} Kg6 {[%emt 0:03:20]} 31. e4 {[%emt 0:02:13]} Bb5 {[%emt 0:04:19]} 32. Rc2 {[%emt 0:11:42]} Ra8 {[%emt 0:03:26]} 33. a3 {[%emt 0:00:43]} Rd8 {[%emt 0:00:07]} 34. Rd2 {[%emt 0:00:39]} Rxd2+ {[%emt 0:00:46]} 35. Bxd2 {[%emt 0:00:01]} Bc6 {[%emt 0:01:31]} 36. Ke3 {[%emt 0:00:19]} e5 {[%emt 0:00:50]} 37. Bc3 {[%emt 0:04:07]} Kf7 {[%emt 0:02:00]} 38. fxe5 {[%emt 0:00:24]} fxe5 {[%emt 0:00:02]} 39. Bxe5 {[%emt 0:00:12]} g5 {[%emt 0:00:03]} 40. h4 {[%emt 0:01:42]} gxh4 {[%emt 0:00:51]} 41. gxh4 {[%emt 0:00:01]} Ke6 {[%emt 0:00:12]} 42. Bc7 {[%emt 0:00:14]} b5 {[%emt 0:00:06]} 43. Kd4 {[%emt 0:00:18]} Bd7 {[%emt 0:00:44]} 44. Kc5 {[%emt 0:03:24]} Be8 {[%emt 0:00:11]} 45. Kb6 {[%emt 0:03:22]} Bd7 {[%emt 0:00:13]} 1/2-1/2

[Event "CHN-chW 2019"]
[Site "Xinghua"]
[Date "2019.05.16"]
[Round "6.10"]
[White "Zhang, Lanlin"]
[Black "Xiao, Yiyi"]
[Result "1-0"]
[WhiteElo "2181"]
[BlackElo "2290"]
[Annotator "TA"]
[PlyCount "169"]
[EventDate "2019.05.11"]
[EventType "tourn"]
[EventCountry "CHN"]
[SourceTitle "playchess.com"]
[Source "ChessBase"]
[SourceQuality "1"]

{[%evp 11,169,37,35,34,35,33,37,32,43,26,29,12,18,17,29,12,0,0,14,-4,-14,-22,-14,-11,0,-72,-47,-39,-47,-60,-45,-41,-44,-32,-20,-8,-18,-54,-41,-37,8,8,35,-2,5,9,27,8,6,8,13,0,5,-21,-12,-89,-15,-16,-16,-14,-9,-13,-13,-15,-15,-47,-51,-64,18,25,29,0,0,0,0,-65,60,0,0,-89,-81,-160,-134,-122,-122,-127,-14,-18,0,-8,7,0,26,8,22,24,49,55,47,27,14,5,272,272,286,279,287,278,421,170,303,294,330,325,328,302,539,530,397,338,411,345,687,659,511,466,427,386,390,396,389,376,374,351,387,319,29970,29974,29968,12135,29981,29982,29982,29983,29983,29984,29984,29985,29985,29986,29986,29987,29987,29988,29988,29989,29989,29990,29993,29994]} 1. e4 e5 2. Nf3 Nc6 3. Bb5 Nf6 4. d3 d6 5. O-O Bd7 6. c3 g6 7. b4 $146 {C65: Ruy Lopez: Berlin Defence (3...Nf6), unusual lines and 4 0-0 Bc5} ({Predecessor:} 7. h3 Bg7 8. Be3 O-O 9. Nbd2 Nh5 10. Ba4 Kh8 11. d4 f5 12. exf5 gxf5 13. dxe5 dxe5 14. Nxe5 Nxe5 15. Bxd7 Qxd7 16. Qxh5 {1-0 (30) Grischuk,A (2772)-Wang,H (2709) Huaian 2017}) 7... Bg7 8. Bc4 O-O 9. a4 {White is slightly better.} a6 10. Nbd2 Nh5 11. Re1 Kh8 12. Nf1 f5 13. Ng5 Qf6 14. exf5 Bxf5 15. Ra2 Nf4 16. Ne4 Qd8 17. Neg3 $1 Bc8 18. Rd2 (18. Ne2 $11) 18... h5 (18... d5 $5 {[%cal Rd5c4]} 19. Bb3 Qh4 $17) 19. b5 Na5 {White must now prevent ...axb5.} 20. Ba2 axb5 21. axb5 h4 22. Ne2 $1 {[#]} Qg5 $1 {[%csl Gf4][%cal Rg5g2][%mdl 512]} 23. Nxf4 exf4 24. Rc2 Qxb5 25. Re4 Qg5 {Hoping for ...d5.} 26. g3 $1 {[%cal Rc1f4]} Be5 27. Qe1 hxg3 (27... Bg4 {feels hotter.} 28. d4 Nc6 29. Bd5 Bg7 30. Bc4 Qh5) 28. hxg3 Bf5 $1 {[%cal Rf5e4]} 29. Rxe5 dxe5 30. Qxe5+ {[%mdl 64] Double Attack} Qf6 31. Qxf4 {[%cal Rf4h6]} g5 $1 $132 {[%cal Rg5f4][%mdl 2048] Black has counterplay} 32. Qf3 Nc6 33. Bd5 (33. Qh5+ $11 Kg7 34. Bxg5) 33... Ne5 ({Black should try} 33... Kg7 $17 34. g4 Bg6) 34. Qh5+ $11 {[%mdl 64] Double Attack} Kg7 {aiming for ...Ra5.} 35. Bxg5 Qg6 36. Qh4 Bxd3 37. Rd2 Rae8 38. Be3 c6 39. Bg2 Bf5 (39... Bxf1 $15 40. Be4 {[#]} Qxe4 $1 {[%mdl 576] Remove Defender} 41. Qxe4 (41. Bh6+ $2 Kg8 $19) 41... Nf3+ {[%mdl 64] Discovered Attack} 42. Qxf3 {[%mdl 64] Remove Defender} Rxf3 43. Bd4+ Kg6 44. Kxf1 Rf7) 40. Bd4 {Threatens to win with Re2.} Kg8 $1 41. Rb2 Rf7 42. Re2 Rfe7 $1 ({Not} 42... Rh7 $2 43. Qf4 $18) 43. Ne3 (43. f3 $11) 43... Nf7 (43... Rh7 $15 44. Qf4 Nd3) 44. Bf3 (44. Ra2 $1 $14) 44... Qg5 $1 45. Qh2 (45. Bh5 $11 Qxh4 46. gxh4) 45... Ne5 46. Bh5 (46. Bxe5 $142 Rxe5 47. Bh5) 46... Bg6 47. Bxe5 {And now Bxg6 would win.} Qxh5 48. f4 Qxh2+ (48... Rxe5 $17 49. fxe5 Qxe5) 49. Rxh2 Kf7 50. Nc4 Rd8 51. Bd4 Bf5 52. Rh5 Ke6 53. Ne3 Rf7 54. Kf2 {[%mdl 1024] White has compensation.} Bd3 55. Rh6+ Kd7 56. Ng4 {Strongly threatening Ne5+.} Re8 $2 {[%mdl 8192]} (56... Kc7 $11) 57. Ne5+ $18 Rxe5 58. Bxe5 {[%mdl 4096] Endgame Rd6+ is the strong threat. KRB-KRB} Bf5 59. Kf3 Rh7 (59... Bb1 $142 60. g4 Rh7 61. Rxh7+ Bxh7) 60. Rf6 (60. Rxh7+ $142 Bxh7 61. g4) 60... Be6 (60... Rh5 {is a better defense.} 61. g4 Rh3+ 62. Kg2 Bxg4) 61. f5 Bd5+ 62. Kf4 Ke7 63. Rd6 b5 $2 (63... Rh2 {was worth a try.} 64. Rg6 Rf2+ 65. Kg5 Re2) 64. g4 Rh1 65. Rg6 Rh7 66. Bd4 Kf7 $2 (66... Kd7 67. Bc5 Ke8) 67. Rd6 Rh1 68. Rd7+ Ke8 69. Rg7 Re1 70. Kg5 Re4 {If Black can now play ...b4 this consolidates a bit.} 71. Kf6 b4 72. g5 c5 73. Bxc5 bxc3 $2 (73... b3 $18 74. Ba3 Ra4) 74. Re7+ Rxe7 75. Bxe7 {KB-KB} c2 76. Ba3 {White mates.} Be4 77. g6 c1=Q 78. Bxc1 Kf8 79. Kg5 Bc2 80. f6 Bb3 81. Ba3+ Kg8 82. Kf4 Bc4 83. Ke5 Bb3 84. Kd6 Bc2 85. f7+ {Accuracy: White = 62%, Black = 43%.} 1-0

[Event "CHN-chW 2019"]
[Site "Xinghua"]
[Date "2019.05.16"]
[Round "6.11"]
[White "Huang, Qian"]
[Black "Ren, Xiaoyi"]
[Result "1/2-1/2"]
[WhiteElo "2440"]
[BlackElo "2261"]
[Annotator "TA"]
[PlyCount "72"]
[EventDate "2019.05.11"]
[EventType "tourn"]
[EventCountry "CHN"]
[SourceTitle "playchess.com"]
[Source "ChessBase"]
[SourceQuality "1"]

{[%evp 9,72,0,22,17,35,29,24,20,62,49,60,57,87,89,93,78,95,54,89,71,60,79,80,57,114,60,63,57,145,145,147,153,144,152,133,139,366,368,394,399,606,290,210,0,0,0,0,-57,-6,-4,0,0,0,-3,0,-57,0,0,0,0,0,0,0,0,0]} 1. Nf3 d5 2. g3 g6 3. Bg2 Bg7 4. O-O Nf6 5. d3 b6 (5... O-O 6. Nc3 c5 7. e4 d4 8. Ne2 Nc6 9. Nd2 e5 10. h3 Ne8 11. f4 Nd6 12. g4 f5 13. exf5 gxf5 14. g5 Bd7 {1-0 (37) Nakamura,H (2777)-Hou,Y (2658) chess.com INT 2018}) 6. c4 {A07: Réti Opening: New York and Capablanca Systems} c6 7. Qc2 O-O 8. e4 {White has an edge.} Na6 $146 ({Predecessor:} 8... dxe4 9. dxe4 Bg4 10. Ne5 Be6 11. Rd1 Qc8 12. f4 b5 13. cxb5 cxb5 14. Qxc8 Rxc8 15. Nc3 {½-½ (59) Lenic,L (2611)-Gledura,B (2515) Caleta 2016}) 9. e5 Ng4 10. d4 c5 11. h3 Nh6 12. dxc5 Bf5 13. Qc3 dxc4 14. Bxh6 ({Not} 14. Qxc4 Bd3 $17) 14... Bxh6 15. Qxc4 Nxc5 16. Nc3 Rb8 (16... Rc8 $14) 17. Rfd1 (17. Rad1 $1 $16 {[%cal Rd1d8]} Qe8 18. Qh4) 17... Qe8 $1 $14 18. b4 Na4 (18... Ne6 $14) 19. Nd5 $16 {And now Qh4 would win.} Be6 20. Qh4 Bxd5 21. Qxh6 {Intending Ng5 and mate.} ({Much less strong is} 21. Rxd5 $6 Bg7 $14) 21... Bxf3 22. Bxf3 Qb5 $2 (22... Nc3 $16) 23. Rd5 $18 Qxb4 24. Rad1 $1 {Black must now prevent R5d4!} Rbc8 {[#]} (24... Qc3 $142) 25. Kg2 (25. R5d4 $142 $1 {[%mdl 512]} Rc4 26. Rd8) 25... e6 26. R5d4 $2 (26. R1d4 $18 Rc4 {[#]} 27. a3 $1 {[%mdl 512]} (27. Rxc4 Qxc4 {[%mdl 64] Double Attack} 28. Rd7 Nc5 $15) 27... Rxd4 28. axb4 exd5 29. Qe3 Rxb4 30. e6) 26... Rc4 $11 27. Rd8 {Strongly threatening R1d7.} Qe7 28. Rxf8+ Qxf8 29. Qg5 $1 $132 {[%mdl 2048] aiming for Rd8. White puts up resistance} Rc8 30. Rd7 a5 31. h4 Nc5 32. Ra7 (32. Rd6 $11) 32... Qd8 ({Black should play} 32... Nd3 $15 33. Be4 Qd8 34. Bxd3 Qxd3) 33. Qf4 {The position is equal.} Rc7 34. Ra8 Rc8 35. Ra7 $1 Rc7 {[#]} 36. Ra8 $1 {[%mdl 512]} Rc8 {Accuracy: White = 71%, Black = 29%.} 1/2-1/2

[Event "CHN-chW 2019"]
[Site "Xinghua"]
[Date "2019.05.16"]
[Round "6.12"]
[White "Shen, Yang"]
[Black "Zhu, Jiner"]
[Result "0-1"]
[WhiteElo "2449"]
[BlackElo "2439"]
[Annotator "TA"]
[PlyCount "138"]
[EventDate "2019.05.11"]
[EventType "tourn"]
[EventCountry "CHN"]
[SourceTitle "playchess.com"]
[Source "ChessBase"]
[SourceQuality "1"]

{[%evp 21,138,22,49,37,41,41,45,3,8,0,6,0,8,0,8,3,13,23,16,18,16,0,40,16,26,0,0,-43,-38,-34,-26,-66,-66,-69,-81,-73,0,0,0,-50,-45,-66,0,0,0,0,0,0,0,0,0,0,0,0,0,0,0,0,0,0,0,0,0,-56,-56,-58,-58,-66,-16,-22,-18,-20,-21,-21,-21,-22,-22,-21,-22,-43,-69,-81,-81,-81,-81,-81,-81,-1183,-1222,-1235,-1199,-1203,-1210,-1183,-1183,-1183,-1183,-1114,-1114,-864,-250,-29964,-156,-156,-156,-29975,-29976,-29976,-29977,-29977,-29978,-29978,-29979,-29982,-29980,-29983,-29984,-29984,-29985]} 1. d4 Nf6 2. c4 g6 3. Nc3 Bg7 4. e4 d6 5. Be2 O-O 6. Nf3 e5 7. O-O Nc6 8. d5 Ne7 9. b4 a5 10. bxa5 Rxa5 11. a4 b6 12. Re1 $146 {E97: King's Indian: Classical Main Line (6...e5 7 0-0 Nc6): 8 Be3 and 8 d5 Ne7, not 9 Ne1} ({Predecessor:} 12. Bd2 Ra8 13. Ne1 Ne8 14. Nd3 f5 15. f3 f4 16. Nb5 g5 17. a5 c6 18. dxc6 Nxc6 19. axb6 Rxa1 20. Qxa1 Qxb6+ {0-1 (91) Carlsen,M (2786)-Socko,B (2631) Germany 2008}) 12... Ra8 13. Nd2 Ne8 14. Bb2 {White is slightly better.} f5 15. Nb5 Nf6 16. exf5 Nxf5 17. Ra3 Bh6 18. g3 Bxd2 19. Qxd2 Ne4 20. Qc1 Ng7 21. f3 Ng5 22. Kh1 Rf7 23. Bd1 Nh3 24. Qd2 g5 25. Nc3 g4 26. Ne4 Bf5 27. Nf2 Nxf2+ 28. Qxf2 Qf8 (28... gxf3 $1 $17 29. Rxf3 Qg5) 29. f4 $11 Bd7 {[%cal Re5f4]} 30. Rf1 Nh5 {[%cal Rh5f4]} 31. Kg1 Re8 (31... Qh6 $15) 32. Re3 Qh6 33. Qe1 {[%cal Rf4e5]} Ref8 34. Qc3 Ng7 35. Ree1 exf4 36. Rxf4 Rxf4 37. gxf4 Rxf4 38. Bc1 Qf6 39. Qxf6 Rxf6 40. Bg5 Rf7 41. Bd8 Bf5 42. Re3 ({White should play} 42. Re7 $11) 42... Kf8 $1 $15 43. Ra3 h5 44. Bg5 Bg6 45. a5 bxa5 $1 46. Rxa5 Rf5 47. Bd2 Re5 48. Ra7 Re7 49. Ba5 Ne8 50. Ba4 Bd3 51. Bxe8 Kxe8 52. Rxc7 Rxc7 53. Bxc7 {[%mdl 4096] Endgame KB-KB} Kd7 ({Much worse is} 53... Bxc4 $6 54. Bxd6 Bxd5 55. Bg3 $11) 54. Bb8 $2 {[%mdl 8192]} (54. Ba5 $17) 54... Bxc4 $19 55. Kf2 Bxd5 56. Kg3 Bf7 57. Kf4 Kc6 58. Ba7 Kd5 59. Bb8 Kc5 60. Ba7+ {[#]} Kc4 $1 61. Ke3 $2 {[#]} (61. Bf2 $19) 61... d5 $2 (61... h4 $1 {mates} 62. Bb8 d5 63. Bf4 d4+ 64. Kd2 Bg6 65. Be5 Kd5 66. Bc7 Ke4 67. Ke1 Kf3 68. Bd6 g3 69. h3 Ke3 70. Kf1 d3 71. Bc5+ Kd2 72. Bb4+ Kd1 73. Bd6 d2 74. Bf4 Bf5 75. Kg2 Ke2 76. Bxd2 Kxd2 77. Kf3 Bxh3 78. Ke4 g2 79. Kd5 g1=Q 80. Kc6 Qa7 81. Kd5 Qb6 82. Ke5 Kd3 83. Kd5 Bg4 84. Ke5 Qd4#) 62. Bd4 $17 h4 {Hoping for ...g3.} 63. Be5 $2 (63. Bf6 $17) 63... Be6 {Black mates.} 64. Bd6 d4+ 65. Kd2 Kd5 66. Bc7 Ke4 67. Ke2 {[#]} g3 $1 68. hxg3 Bg4+ 69. Kf2 h3 {Accuracy: White = 46%, Black = 76%.} 0-1